000 01358nam1a2200301 i 4500
001 RU\NLR\BIBL_A\012251604
005 20240921213240.0
035 _a(NLR Aleph) 012251604
090 _a11085062
_c11085062
100 _a20200320d2019 k y0rusy50 ca
101 0 _arus
102 _aRU
105 _a||||z||||||||
181 0 _ai
_baxxe
182 0 _an
200 1 _aКрасная книга Воронежской области
_eв двух томах
_fПравительство Воронежской области, Департамент природных ресурсов и экологии Воронежской области
203 _aТекст
_bвизуальный
_cнепосредственный
205 _a[Изд. 2-е, испр. и доп.]
210 _aВоронеж
_cЦентр духовного возрождения Черноземного края
_d2019
215 _d30
606 1 _aКрасная книга
_yВоронежская область
_92443307
_3RU\NLR\AUTH\6601671121
686 1 _aБ1(2Р345-4Вр)
712 0 1 _4570
_aВоронежская область
_bДепартамент природных ресурсов и экологии
_9593492
_3RU\NLR\AUTH\880465544
852 _aNLR
_j2020-8/878
942 _cBOOK